Como se enseña la composición /

Guardado en:
Autor Principal: Forgione, José D.
Formato: Libro
Publicado: Argentina : Kapelusz, 1966
Edición:17a. ed.
Materias:
Etiquetas: Agregar Etiqueta
Sin Etiquetas, Sea el primero en etiquetar este registro!
LEADER 00579nam a22002175a 4500
001 CEM.cems002565
005 19000101000000.0
008 130507s1966##################000#0#####d
003 CEMS
082 0 4 |a 372.6 
100 1 |a Forgione, José D. 
245 1 0 |a Como se enseña la composición / 
250 |a 17a. ed. 
260 |a Argentina :  |b Kapelusz,  |c 1966 
300 |a 221 p. 
653 |a Anfibologia 
653 |a Cacofonia 
653 |a Expresion escrita 
653 |a Lengua y literatura 
653 |a Solecismo 
859 |a CEMS  |b BIB. CEMS - 11 de abril  |h 372.6  |i F763a17  |p 3131.74  |t Ej.1